Music Quiz

Random Music or Song Quiz

Figure Out the Lyrics III Quiz Stats

 Plays Quiz Updated Jan 25, 2017

Support Sporcle.
Go Orange.
Score 0/150 Timer 07:00
6 Plays Today
Lyrics % Correct
Verse 1I've
97%
Verse 1I've
97%
Verse 1I've
97%
Verse 1I've
97%
Verse 1I've
97%
Verse 2I've
97%
Verse 2I
96.6%
Verse 2 I
96.6%
Verse 2 I
96.6%
Verse 1a
95.9%
Verse 2 a
95.9%
Chorusthe
91.8%
Chorusthe
91.8%
Chorusthe
91.8%
Chorusthe
91.8%
Chorusthe
91.8%
Chorusthe
91.8%
Verse 2 the
91.8%
Chorusthe
91.8%
Chorusthe
91.8%
Chorusthe
91.8%
Chorusthe
91.8%
Chorusthe
91.8%
Verse 2You
82.3%
Verse 2you
82.3%
Choruswe'll
81.3%
Choruswe'll
81.3%
Verse 1And
79.7%
ChorusAnd
79.7%
Verse 2And
79.7%
Verse 2and
79.7%
Verse 2and
79.7%
Verse 2 And
79.7%
ChorusAnd
79.7%
ChorusWe
76.5%
ChorusWe
76.5%
ChorusWe
76.5%
Choruswe
76.5%
ChorusWe
76.5%
ChorusWe
76.5%
ChorusWe
76.5%
Choruswe
76.5%
Choruson
74.4%
Choruson
74.4%
Chorusare
72.4%
Chorusare
72.4%
Chorusare
72.4%
Chorusare
72.4%
Chorusare
72.4%
Chorusare
72.4%
Lyrics % Correct
Chorusare
72.4%
Chorusare
72.4%
ChorusNo
69.6%
Verse 1no
69.6%
Verse 2 no
69.6%
Verse 2 No
69.6%
ChorusNo
69.6%
Verse 2 gonna
69%
Verse 1of
68.9%
Chorusof
68.9%
Verse 2 of
68.9%
Chorusfor
65.3%
Chorusfor
65.3%
Verse 1my
64.4%
Verse 1my
64.4%
Verse 1my
64.4%
Verse 1my
64.4%
Chorusmy
64.4%
Verse 2my
64.4%
Verse 2my
64.4%
Chorusmy
64.4%
Verse 1Time
64%
Verse 1time
64%
Chorustime
64%
Chorustime
64%
Chorusworld
63%
Verse 2 it's
63%
Verse 2 been
62.6%
Verse 2me
60.7%
Verse 2it
59.3%
Verse 2 it
59.3%
Verse 1in
57.8%
Verse 1had
56%
Chorusend
53.3%
Chorusend
53.3%
Choruskeep
52.2%
Choruskeep
52.2%
Choruschampions
51.6%
Choruschampions
51.6%
Choruschampions
51.6%
Choruschampions
51.6%
Choruschampions
51.6%
Choruschampions
51.6%
Choruschampions
51.6%
Choruschampions
51.6%
ChorusCause
50.7%
ChorusCause
50.7%
Verse 1after
50.6%
Chorustill
49.8%
Chorustill
49.8%
Lyrics % Correct
Chorusfighting
48.4%
Chorusfighting
48.4%
Chorusfriends
47.2%
Chorusfriends
47.2%
Choruslosers
45.9%
Choruslosers
45.9%
Verse 1But
43.6%
Verse 1But
43.6%
Verse 2 But
43.6%
Verse 2 lose
42.9%
Verse 2all
41.7%
Verse 2that
38.8%
Verse 1done
36.5%
Verse 1paid
34.9%
Verse 1dues
34.8%
Verse 1made
34%
Verse 2with
33%
Verse 1share
32.5%
Verse 1few
30.6%
Verse 1crime
30.3%
Verse 1come
30%
Verse 1bad
29.2%
Verse 1mistakes
28.8%
Verse 1committed
28.7%
Verse 2 bed
27.5%
Verse 2 roses
27%
Verse 1through
26.5%
Verse 1sentence
25.8%
Verse 2 ain't
23.6%
Verse 2goes
23.4%
Verse 1face
23.1%
Verse 2everything
23.1%
Verse 2taken
22.9%
Verse 2 pleasure
21.8%
Verse 2 cruise
21.3%
Verse 2thank
20.7%
Verse 2curtain
20.4%
Verse 2fortune
19.8%
Verse 2fame
19.7%
Verse 2calls
18.8%
Verse 1kicked
18.7%
Verse 2 before
18.2%
Verse 2 human
18.1%
Verse 2 race
18%
Verse 2 consider
17.3%
Verse 2 whole
17%
Verse 2 challenge
16.9%
Verse 2bows
16.7%
Verse 1sand
15.1%
Verse 2brought
13.3%

From the Vault

US Cities by Time Zone: Pacific

by Unidentifiedkiwi

We really feel that Sacajawea would have rocked this quiz.
Remove Ads.
Support Sporcle.
Get the best of Sporcle when you Go Orange. This ad-free experience offers more features, more stats, and more fun while also helping to support Sporcle. Thank you for becoming a member.

Show Comments

Extras

Top Quizzes Today


Score Distribution

Your Account Isn't Verified!

In order to create a playlist on Sporcle, you need to verify the email address you used during registration. Go to your Sporcle Settings to finish the process.

Report this User

Report this user for behavior that violates our Community Guidelines.

Details: